| 000 | 00387nam a2200157Ia 4500 | ||
|---|---|---|---|
| 008 | 230917s9999||||xx |||||||||||||| ||und|| | ||
| 020 | _cRS70 | ||
| 040 |
_e26198 _aMAIN |
||
| 041 | _aEnglish | ||
| 082 | _a657.48 M747B | ||
| 100 | _aMonga, J R | ||
| 245 | 0 | _aBasic financial accounting | |
| 260 |
_aNew Delhi _bNational Publishing House _c1988 |
||
| 300 | _axiv, 1340 p. | ||
| 942 | _cBK | ||
| 999 |
_c63039 _d63039 |
||